000 00676nam a2200241Ia 4500
003 OSt
005 20220925210923.0
006 a|||||r|||| 00| 0
007 ta
008 220923b |||||||| |||| 00| 0 eng d
037 _cGeneral Book
040 _aRTL
_cRTL
_beng
041 _2eng
_aeng
082 _aU672(JB):(G:5).2.N9, N5
100 _aSagwal S S
_9273511
245 0 _aForest ecology of India
260 _aJaipur
_bPointer Publisher India
_c1995
300 _axv,368p.
_ccm.
500 _aBib p. 346-63
650 _aAgricultural Geography
942 _hU672(JB):(G:5).2.N9, N5
_cGB
_2CC
999 _c556274
_d556274